Basta, el sector salud combate la violencia contra la mujer [video]
| Autor Corporativo: | |
|---|---|
| Formato: | Libro |
| Lenguaje: | español |
| Publicado: |
Nueva York :
Cyber Busters,
1999
|
| Materias: |
MARC
| LEADER | 00000nam a2200000Ia 4500 | ||
|---|---|---|---|
| 008 | 180926b1999 -us||||| |||| 00| | spa d | ||
| 999 | |c 2468 |d 2468 | ||
| 090 | |a CD #198 | ||
| 110 | |a Federación Internacional de Planificación de la Familia. Región del hemisferio occidental, INC | ||
| 245 | |a Basta, el sector salud combate la violencia contra la mujer [video] | ||
| 260 | |a Nueva York : |b Cyber Busters, |c 1999 | ||
| 300 | |a 1 disco compacto | ||
| 650 | 1 | 4 | |a VIOLENCIA CONTRA LAS MUJERES |9 85 |
| 650 | 1 | 4 | |a GÉNERO |9 69 |
| 942 | |i 002212 |h CD #198 |2 z |c 08 | ||
